[Event "Bosnjaci op 16th"]
[Site "Bosnjaci"]
[Date "2011.01.03"]
[Round "1"]
[White "Martic, Zlatko"]
[Black "Cencic, Josip"]
[Result "1-0"]
[WhiteElo "2387"]
[BlackElo "1983"]
[PlyCount "65"]
[EventDate "2011.01.03"]
[EventType "swiss"]
[EventRounds "9"]
[EventCountry "CRO"]
[SourceTitle "CBM 140 Extra"]
[Source "ChessBase"]
[SourceDate "2011.03.01"]
[SourceVersion "1"]
[SourceVersionDate "2011.03.01"]
[SourceQuality "1"]

1. d4 Nf6 2. c4 e6 3. Nc3 d5 4. cxd5 exd5 5. Bg5 Be7 6. e3 0-0 7. Bd3 Nbd7 8. Qc2 c6 9. Nf3 Re8 10. 0-0 Nf8 11. h3 a6 12. Rab1 Ne4 13. Bf4 Nxc3 14. bxc3 Bd6 15. Bxd6 Qxd6 16. c4 b5 17. cxd5 cxd5 18. Rfc1 Qf6 19. Qc6 Be6 20. Qd6 Red8 21. Qe5 Rac8 22. Qxf6 gxf6 23. Nh4 Rxc1+ 24. Rxc1 Rc8 25. Rxc8 Bxc8 26. Kf1 Ng6 27. Nf5 h5 28. Ng3 h4 29. Nh5 Be6 30. Nxf6+ Kf8 31. Ke2 Ke7 32. Nh7 Bd7 33. Ng5 1-0